• 首页
  • 本馆介绍
  • 公告通知
  • 最新文献
  • 馆藏检索
  • 电子资源
  • 读者导购
  • 参考咨询
  • 我的图书馆
  • 登录
  • 详细信息显示
  • 放入我的书架
  • 预约/预借图书
  • 作者相关作品
  • 分类相关作品
  • 丛书相关作品
  • 出版社相关作品

书目信息

  • 表格格式
  • 工作单格式
  • 卡片格式
题名:
当代智能建筑设计原理与方法研究
    
 
作者: 栗丽 , 催磊磊 , 王利平 著
分册:  
出版信息: 长春   吉林科学技术出版社  2019.08
页数: 165页
开本: 26cm
丛书名:
单 册:
中图分类: TU243
科图分类:
主题词: 智能化建筑--zhi neng hua jian zhu--建筑设计--研究
电子资源:
ISBN: 978-7-5578-5853-7
000 00933nam0 2200253 450
001 0109110229
005 20201109110339.0
010    @a978-7-5578-5853-7@dCNY45.00
100    @a20200905e20202019em y0chiy50 ea
101 0  @achi
102    @aCN@b220000
105    @ay z 000yy
106    @ar
200 1  @a当代智能建筑设计原理与方法研究@Adang dai zhi neng jian zhu she ji yuan li yu fang fa yan jiu@f栗丽, 催磊磊, 王利平著
210    @a长春@c吉林科学技术出版社@d2019.08@h2020.02
215    @a165页@d26cm
330    @a本书主要内容包括:智能建筑的基本概念、生态建筑概论、智能建筑设计理论研究、智能建筑设计与施工创新研究、建筑设计原理与方法研究、智能建筑设计应用。
606 0  @a智能化建筑@Azhi neng hua jian zhu@x建筑设计@x研究
690    @aTU243@v5
701  0 @a栗丽@Ali li@4著
701  0 @a催磊磊@Acui lei lei@4著
701  0 @a王利平@Awang li ping@4著
801  0 @aCN@bBJSZM@c20201103
905    @b1241271-4@dTU243@e1725@f4
    
    当代智能建筑设计原理与方法研究/栗丽, 催磊磊, 王利平著.-长春:吉林科学技术出版社,2019.08(2020.02)
    165页;26cm
    
    
    ISBN 978-7-5578-5853-7:CNY45.00
    本书主要内容包括:智能建筑的基本概念、生态建筑概论、智能建筑设计理论研究、智能建筑设计与施工创新研究、建筑设计原理与方法研究、智能建筑设计应用。
●
相关链接 在E读中查询图书 在五车中查询图书 在当当中查询图书 在豆瓣中查询图书


正题名:当代智能建筑设计原理与方法研究     索取号:TU243/1725         预约/预借

序号 登录号 条形码 馆藏地/架位号 状态 备注
1 1241271   212412717   第二样本阅览室/ [索取号:TU243/1725] 在馆    
2 1241272   212412726   第三借阅区/ [索取号:TU243/1725] 在馆    
3 1241273   212412735   第三借阅区/ [索取号:TU243/1725] 在馆    
4 1241274   212412744   第三借阅区/ [索取号:TU243/1725] 在馆    
唐山师范学院图书馆 欢迎您!
大连网信软件有限公司© 版权所有